[Event "Nachod op 8th"]
[Site "Nachod"]
[Date "2002.??.??"]
[Round "1"]
[White "Pochop, Karel Sr"]
[Black "Borkovec, Milan"]
[Result "0-1"]
[WhiteElo "1815"]
[BlackElo "2195"]
[PlyCount "60"]
[EventDate "2002.??.??"]
[EventType "swiss"]
[EventRounds "9"]
[EventCountry "CZE"]
[SourceTitle "EXT 2007"]
[Source "ChessBase"]
[SourceDate "2006.11.23"]
[SourceVersion "1"]
[SourceVersionDate "2006.11.23"]
[SourceQuality "1"]

1. e4 c5 2. c3 d5 3. exd5 Qxd5 4. d4 e5 5. dxe5 Qxd1+ 6. Kxd1 Nc6 7. f4 Bf5 8. Bb5 0-0-0+ 9. Ke2 Nge7 10. Be3 a6 11. Bc4 Nd5 12. Nf3 Nxe3 13. Kxe3 f6 14. Nbd2 b5 15. Be2 c4 16. Ne4 fxe5 17. Nxe5 Nxe5 18. fxe5 g6 19. Rad1 Bh6+ 20. Kf3 Rhf8 21. Rxd8+ Kxd8 22. Rd1+ Ke7 23. Nf6 Ke6 24. Kg3 Kxe5 25. Nd7+ Bxd7 26. Rxd7 Bf4+ 27. Kh3 h5 28. b3 b4 29. cxb4 c3 30. Rc7 Kd4 0-1